000 00379nam a2200157Ia 4500
008 230721s2002 xx 000 0 und d
020 _a9788123904276
041 _aeng
082 _a612.015,VAR
100 _aVARLEYS.
245 _aPRACTICAL CLINICAL BIOCHEMISTRY
250 _a6TH
260 _bNEW DELHICBS PUBLISHER
_c2002
300 _a1050
650 _aBiochemistry
999 _c706263
_d706263